Obscure Video Game Trivia: Hard - Statistics

General Stats
  • This quiz has been taken 52 times
  • The average score is 4 of 12
Answer Stats
Hint Answer % Correct
When you get 99 lives in New Super Mario Bros. Wii, what does Mario lose? Hat
62%
What Metroid character ate Samus’s parents? Ridley
60%
Atreus, the son of Kratos, is revealed to be which Norse god? Loki
53%
Which Minecraft mob spawns exclusively from a thrown item? Endermite
45%
Which Pokémon has more than 4.2 billion possible patterns? Spinda
36%
What game houses the longest cutscene in any game at 71 minutes? Metal Gear Solid 4: Guns of the Patriots
30%
The voice actor who plays Cave Johnson in Portal 2 is… J.K. Simmons
28%
The voice of Lucario in Super Smash Bros. Ultimate also voices which anime character? Son Goku
23%
What does Doc Louis love to eat? Chocolate bars
17%
This Super Mario boss debuted in Super Mario World, and has most recently appeared in New Super Mario Bros. 2. Reznor
13%
Who is the final boss of Fallout 2? Frank Horrigan
9%
This Call of Duty specialist’s catch phrase is “Full Metal Everything”. Experimental War Robot-115 "Reaper"
6%
No matching quizzes found
Score Distribution
Percent of People with Each Score
Percentile by Number Answered
Your Score History
You have not taken this quiz